000 00324nam a2200121Ia 4500
008 220204s9999 xx 000 0 und d
020 _a8170350581
082 _a330.341.424
_bSAD
100 _aSadhak, H
245 4 _aThe role of entrepreneurs in backward areas
260 _aDelhi
_bDaya Publishing House
_c1989
942 _cBK
999 _c42033
_d42033